000 00610nam a22001817a 4500
003 UA-OsUOA
001 6463
007 ta
008 20040520b un ||||| |||| 00| 0 ukr d
100 _aМаткобожик М.
942 _cSA
040 _aUA-OsUOA
_cUA-OsUOA
_dUA-OsUOA
245 _aЗцілення любов : [ Рец. на повість Ігоря Павлюка " Біографія дерева племені поетів " ]
300 _aС.6
955 _a0
773 0 _w0
_tЛітературна Украіна
_dКиїв
_d2004
_g№18
650 7 _aЛітературознавство
_2UDC
999 _c292624
_d292624